Estadísticas para Jugadores de la Selección Mexicana de Fútbol por Foto

Haz click aquí para intentar la prueba.

Estadísticas generales

  • Esta prueba ha sido intentada 113 veces
  • La puntuación promedio es 14 de 20

Estadísticas de respuestas

Respuesta% Correcto
Guillermo Ochoa
99%
Javier Hernández
99%
Andrés Guardado
88%
Rafael Márquez
88%
Hirving Lozano
87%
Hugo Sánchez
87%
Giovani dos Santos
82%
Carlos Vela
81%
Raúl Jiménez
81%
Héctor Herrera
78%
Diego Lainez
72%
Jesús Corona
72%
Jorge Campos
72%
Edson Álvarez
65%
Luis Hernández
62%
Cuauhtémoc Blanco
56%
Alexis Vega
47%
Jared Borgetti
28%
Luis Romo
23%
Carlos Hermosillo
19%

Distribución de puntuación

Porcentaje por número respondido

Porcentaje de gente con cada puntuación

Historial de tus puntuaciones

No has intentado esta prueba.